000
00298nam a2200109 4500
008
160622b xxu||||| |||| 00| 0 eng d
100
_9
506
_a
Buddee, P,
245
_a
Aie Patrol And The Secret Intrudess
260
_a
Rigby Ltd.
_c
1973
300
_a
Aie Patrol And The Secret Intrudess
942
_2
ddc
_c
BK
999
_c
419
_d
419